Normal view
MARC view
- ISLAM-BIOGRAPHY-SAHABAH
Entry Topical Term
001 - CONTROL NUMBER
- control field: 77537
003 - CONTROL NUMBER IDENTIFIER
- control field: NUST
005 - DATE AND TIME OF LATEST TRANSACTION
- control field: 20210628205932.0
008 - FIXED-LENGTH DATA ELEMENTS
- fixed length control field: 210628|| aca||aabn | a|a d
040 ## - CATALOGING SOURCE
- Original cataloging agency: NUST
- Transcribing agency: NUST
150 ## - HEADING--TOPICAL TERM
- Topical term or geographic name entry element: ISLAM-BIOGRAPHY-SAHABAH
670 ## - SOURCE DATA FOUND
- Source citation: Work cat.: (NUST): Pasha, Abdur Rahman Rafaat.Dr 77536, Zindgiyaan sahabah key, 2003
